000 00254 a2200085 4500
100 1 _aVlasenkov, A.T..
_eAutor
245 0 _aUspechi radioizmeritel'noj techniki /
_cVlasenkov A.T..
710 2 _aZnanie.
_eWydawca
_4pbl
260 _aMoskva :
_bZnanie,
_c1971.
300 _a46 s.;
_c24 cm.
999 _c13603
_d13603